Trauma Systems and Regionalization of Emergency Care Reauthorization Act : report (to accompany H.R. 4080) (including cost estimate of the Congressional Budget Office).

Bibliographic Details
Corporate Author: United States. Congress. House. Committee on Energy and Commerce (Author)
Format: Government Document eBook
Language:English
Published: [Washington, D.C.] : [U.S. Government Printing Office], [2014]
Series:Report / 113th Congress, 2d session, House of Representatives ; 113-459
Subjects:
Online Access:PDF version:
Text version:
PDF version:
Text version:

MARC

Tag First Indicator Second Indicator Subfields
LEADER 00000cam a2200000 i 4500
001 in00003477821
005 20210430154309.0
006 m o d f
007 cr b|||||m||||
008 140529s2014 dcu ob f000 0 eng c
035 |a (OCoLC)ocn880674351 
042 |a pcc 
043 |a n-us--- 
040 |a GPO  |b eng  |e rda  |e pn  |c GPO  |d OCLCO  |d GPO  |d COO  |d OCLCO  |d OCLCF  |d GPO  |d MvI 
049 |a WWW 
050 1 4 |a KF32  |b .E55 2014f 
074 |a 1008-I (online) 
086 0 |a Y 1.1/8:113-459 
110 1 |a United States.  |b Congress.  |b House.  |b Committee on Energy and Commerce,  |e author. 
245 1 0 |a Trauma Systems and Regionalization of Emergency Care Reauthorization Act :  |b report (to accompany H.R. 4080) (including cost estimate of the Congressional Budget Office). 
264 1 |a [Washington, D.C.] :  |b [U.S. Government Printing Office],  |c [2014] 
300 |a 1 online resource (9 pages). 
336 |a text  |b txt  |2 rdacontent 
337 |a computer  |b c  |2 rdamedia 
338 |a online resource  |b cr  |2 rdacarrier 
490 1 |a Report / 113th Congress, 2d session, House of Representatives ;  |v 113-459 
500 |a Title from title screen (viewed on May 29, 2014). 
500 |a "May 20, 2014." 
504 |a Includes bibliographical references. 
650 0 |a Emergency medical services  |x Law and legislation  |z United States. 
650 0 |a Trauma centers  |x Law and legislation  |z United States. 
650 0 |a Federal aid to medical centers  |z United States. 
650 7 |a Emergency medical services  |x Law and legislation.  |2 fast  |0 (OCoLC)fst00908577 
650 7 |a Federal aid to medical centers.  |2 fast  |0 (OCoLC)fst00922238 
650 7 |a Trauma centers  |x Law and legislation.  |2 fast  |0 (OCoLC)fst01155536 
651 7 |a United States.  |2 fast  |0 (OCoLC)fst01204155 
655 7 |a Legislative materials.  |2 lcgft 
776 0 8 |i Print version:  |a United States. Congress. House. Committee on Energy and Commerce.  |t Trauma Systems and Regionalization of Emergency Care Reauthorization Act  |w (OCoLC)880940639 
776 0 8 |i Microfiche version:  |a United States. Congress. House. Committee on Energy and Commerce.  |t Trauma Systems and Regionalization of Emergency Care Reauthorization Act  |w (OCoLC)889893509 
810 1 |a United States.  |b Congress.  |b House.  |t Report ;  |v 113-459. 
856 4 0 |3 PDF version:  |u https://purl.fdlp.gov/GPO/gpo49359  |t 0 
856 4 0 |3 Text version:  |u https://purl.fdlp.gov/GPO/gpo49361  |t 0 
856 4 0 |3 PDF version:  |u http://purl.fdlp.gov/GPO/gpo49359  |t 0 
856 4 0 |3 Text version:  |u http://purl.fdlp.gov/GPO/gpo49361  |t 0 
999 f f |s 97dd95b9-3497-31c9-aff7-0ead7f398f4c  |i 82f8f48a-5b8f-3735-8ba2-51416e4dc034  |t 0 
952 f f |a Texas A&M University  |b College Station  |c Electronic Resources  |d Available Online  |t 0  |e Y 1.1/8:113-459  |h Superintendent of Documents classification 
998 f f |a Y 1.1/8:113-459  |t 0  |l Available Online